Character building in New York public schools; (Record no. 21184)
[ view plain ]
| 000 -LEADER | |
|---|---|
| fixed length control field | 00996cam a22002411 4500 |
| 001 - CONTROL NUMBER | |
| control field | e 32000119 |
| 003 - CONTROL NUMBER IDENTIFIER | |
| control field | DLC |
| 005 - DATE AND TIME OF LATEST TRANSACTION | |
| control field | 20260227111222.0 |
| 008 - FIXED-LENGTH DATA ELEMENTS--GENERAL INFORMATION | |
| fixed length control field | 790905s1931 nyu 000 0 eng c |
| 010 ## - LIBRARY OF CONGRESS CONTROL NUMBER | |
| LC control number | e 32000119 |
| 035 ## - SYSTEM CONTROL NUMBER | |
| System control number | (OCoLC)5343121 |
| 040 ## - CATALOGING SOURCE | |
| Original cataloging agency | U.S. Office of Education Library |
| Transcribing agency | OCl |
| Modifying agency | DLC |
| 042 ## - AUTHENTICATION CODE | |
| Authentication code | premarc |
| 050 00 - LIBRARY OF CONGRESS CALL NUMBER | |
| Classification number | LC311 |
| Item number | .M6 |
| 100 1# - MAIN ENTRY--PERSONAL NAME | |
| Personal name | Morrison, J. Cayce |
| Fuller form of name | (John Cayce), |
| Dates associated with a name | 1886- |
| 245 10 - TITLE STATEMENT | |
| Title | Character building in New York public schools; |
| Remainder of title | an analysis of practices reported by teachers and supervisory officers for the school year, 1928-1929, |
| Statement of responsibility, etc. | by J. Cayce Morrison, assistant commissioner for elementary education, assisted by Arthur E. Layman. |
| 260 ## - PUBLICATION, DISTRIBUTION, ETC. | |
| Place of publication, distribution, etc. | [Albany, |
| Name of publisher, distributor, etc. | The University of the state of New York press, |
| Date of publication, distribution, etc. | 1931] |
| 300 ## - PHYSICAL DESCRIPTION | |
| Extent | 1 p. l., 3-96 p. |
| Dimensions | 23 cm. |
| 500 ## - GENERAL NOTE | |
| General note | At head of title: The University of the state of New York. The State education department. |
| 650 #0 - SUBJECT ADDED ENTRY--TOPICAL TERM | |
| Topical term or geographic name entry element | Moral education. |
| 650 #0 - SUBJECT ADDED ENTRY--TOPICAL TERM | |
| Topical term or geographic name entry element | Character. |
| 700 1# - ADDED ENTRY--PERSONAL NAME | |
| Personal name | Layman, Arthur E. |
No items available.